000 00692nam a2200241Ia 4500
003 OSt
005 20220928110724.0
006 a|||||r|||| 00| 0
007 ta
008 220927b |||||||| |||| 00| 0 eng d
024 _a44219
037 _cTextual
040 _aSDCL
_cSDCL
_beng
041 _2eng
_aeng
082 _aO152,1J32,1:g, L3
100 _aSuman Ambaprashad
_9401340
245 0 _aRamcharit manas
_b vagy vaibhav.
260 _aNew Delhi
_bVigyan Bharati
_c1973
300 _a519p
_ccm.
490 _aMaansachturashi parv ke uplakshya mai shardasuman.
942 _hO152,1J32,1:g, L3
_cTEXL
_2CC
999 _c736693
_d736693